000 01365nam a2200349Ia 4500
001 ebr10388344
003 CaPaEBR
006 m u
007 cr cn|||||||||
008 090410s2010 njua sb 001 0 eng d
010 _z 2009014010
020 _z9780471715764 (cloth)
020 _z9780470531761
040 _aCaPaEBR
_cCaPaEBR
035 _a(OCoLC)632157442
050 1 4 _aTA480.A6
_bG45 2010eb
082 0 4 _a620.1/8623
_222
100 1 _aGhali, Edward.
245 1 0 _aCorrosion resistance of aluminum and magnesium alloys
_h[electronic resource] :
_bunderstanding, performance, and testing /
_cEdward Ghali.
260 _aHoboken, N.J. :
_bWiley,
_cc2010.
300 _axxi, 719 p. :
_bill.
490 1 _aWiley series on corrosion
504 _aIncludes bibliographical references and index.
533 _aElectronic reproduction.
_bPalo Alto, Calif. :
_cebrary,
_d2011.
_nAvailable via World Wide Web.
_nAccess may be limited to ebrary affiliated libraries.
650 0 _aAluminum alloys
_xCorrosion.
650 0 _aMagnesium alloys
_xCorrosion.
650 0 _aCorrosion and anti-corrosives.
655 7 _aElectronic books.
_2local
710 2 _aebrary, Inc.
830 0 _aWiley series on corrosion.
856 4 0 _uhttp://site.ebrary.com/lib/rucke/Doc?id=10388344
_zAn electronic book accessible through the World Wide Web; click to view
999 _c92611
_d92611